WiFi Praktický průvodce.Bezdrátové sítě

Guardado en:
Detalles Bibliográficos
Autor principal: Zandl, Patrick (Autor)
Formato: Libro
Lenguaje:checo
Publicado: Brno : Computer Press, 2006
Edición:1.vyd.-dotlač
Etiquetas: Agregar Etiqueta
Sin Etiquetas, Sea el primero en etiquetar este registro!

MARC

LEADER 00000nam a22000003a 4500
001 stu154324
005 20150617225948.8
008 071219s2006----xr------------------cze-d
020 |a 80-7226-632-2 
040 |a STU  |b slo 
041 0 |a cze 
044 |a xr 
080 |a 004.7 
100 1 |a Zandl, Patrick  |4 aut 
245 1 |a WiFi Praktický průvodce.Bezdrátové sítě 
250 |a 1.vyd.-dotlač 
260 |a Brno :  |b Computer Press,  |c 2006 
300 |a 385 s 
996 |c V*49533/O-21904  |l VV23  |s P  |a 0  |w stu154324_0001